Language Quiz

Random Language or Letter Quiz

16-Letter Vocabulary (Medium) Quiz Stats

 Plays Quiz Updated Aug 25, 2017

Challenge
Share
Tweet
Embed
Score 0/25 Timer 10:00
1 Play Today
% Correct
anesthesiologist
92.8%
extraterrestrial
92.3%
alphanumerically
91.5%
disqualification
91.5%
quadricentennial
91.5%
counterespionage
91.5%
disproportionate
91.4%
autobiographical
91.2%
circumnavigation
91.1%
compartmentalize
90.8%
archconservative
90.6%
bloodthirstiness
90.5%
paraprofessional
90.3%
% Correct
entrepreneurship
89.9%
unconstitutional
89.6%
incomprehensible
89.5%
enthusiastically
89.1%
environmentalism
88.7%
transformational
87.7%
lightheartedness
86.7%
conversationally
85.8%
misunderstanding
84.8%
counterclockwise
84.1%
unpredictability
76.2%
extemporaneously
71.5%

You're not logged in!

Compare scores with friends on all Sporcle quizzes.
OR
Log In

You Might Also Like...

Show Comments

Extras

Top Quizzes Today


Score Distribution

Your Account Isn't Verified!

In order to create a playlist on Sporcle, you need to verify the email address you used during registration. Go to your Sporcle Settings to finish the process.

Report this User

Report this user for behavior that violates our Community Guidelines.

Details: